000 00426nam a2200133Ia 4500
008 220217s9999||||xx |||||||||||||| ||und||
020 _a81-317-0205-7
082 _a005.21 AHO
100 _aAho, Alfred, V. Hopcroft, John E, and Ullman, Jeffrey, D
_95514
245 0 _aDesign and analysis of computer algorithms
260 _aPearson education asia
_bNew Delhi
_c2007
300 _b299
650 _aCOMPUTER ARCHITECTURE
999 _c176517
_d176517